A beszterczebányai ág. h. ev. 5 osztályu gymnasium értesitvénye az ...

Bibliographic Details
Format: Serial
Language:Hungarian
Published: Beszterczebánya $b [Ag. h. ev. 5. Osztályu Gymnasium]

MARC

LEADER 00000cas a22000004a 4500
001 vtls001357258
003 SK-MaSNL
005 20260221112419.0
008 180810d18751881xo ar 0 0a0hun c
035 |a SNK000310751 
040 |a SNK  |b slo  |c SNK  |e AACR2 
041 0 |a hun 
044 |a xo  |c SK 
245 0 2 |a A beszterczebányai ág. h. ev. 5 osztályu gymnasium értesitvénye az ... 
260 |a Beszterczebánya $b [Ag. h. ev. 5. Osztályu Gymnasium] 
310 |a 1x ročne 
362 0 |a 1874/75-1880/81 $z OSZK 
910 |a snk 
958 |a ONDV 
999 |c 315  |d 2245 
952 |0 0  |1 0  |4 0  |7 0  |a SNK  |b SNK  |d 1997-06-04  |l 0  |o snkČSC 211/1880-1881  |p 17A0067968  |r 2005-01-02 00:00:00  |w 2026-02-21  |y PREZ 
952 |0 0  |1 0  |4 0  |7 0  |a SNK  |b SNK  |d 1997-09-11  |l 0  |o snkČSC 211/1877-1878  |p 17A0093309  |r 2005-01-02 00:00:00  |w 2026-02-21  |y PREZ 
952 |0 0  |1 0  |4 0  |7 0  |8 2  |a SNK  |b SNK  |d 2005-08-02  |i snkČIV 992/59  |l 0  |o snkČSC 211/1880-1881 D1  |p 17A0481194  |r 2026-02-21 21:10:43  |w 2026-02-21  |y PREZ 
952 |0 0  |1 0  |4 0  |7 0  |a SNK  |b SNK  |d 1999-03-09  |l 0  |o snkČSC 211/1876-1877  |p 17A0184410  |r 2005-01-02 00:00:00  |w 2026-02-21  |y PREZ 
952 |0 0  |1 0  |4 0  |7 0  |a SNK  |b SNK  |d 1999-03-09  |l 0  |o snkČSC 211/1874-1875  |p 17A0184790  |r 2005-01-02 00:00:00  |w 2026-02-21  |y PREZ 
952 |0 0  |1 0  |4 0  |7 0  |8 2  |a SNK  |b SNK  |d 2005-08-24  |i snkČIV 1029/59  |l 0  |o snkČSC 211/1878-1879 D2  |p 17A0483211  |r 2026-02-21 21:40:15  |w 2026-02-21  |y PREZ 
952 |0 0  |1 0  |4 0  |7 0  |8 3  |a SNK  |b SNK  |d 2005-08-24  |i snkK 2548/81  |l 0  |o snkČSC 211/1877-1878 D1  |p 17A0481630  |r 2026-02-21 21:40:15  |w 2026-02-21  |y PREZ 
952 |0 0  |1 0  |4 0  |7 0  |8 3  |a SNK  |b SNK  |d 2005-08-24  |i snkK 2547/81  |l 0  |o snkČSC 211/1875-1876 D1  |p 17A0481760  |r 2026-02-21 21:40:15  |w 2026-02-21  |y PREZ 
952 |0 0  |1 0  |4 0  |7 0  |8 3  |a SNK  |b SNK  |d 2005-08-24  |i snkK 2546/81  |l 0  |o snkČSC 211/1874-1875 D1  |p 17A0481559  |r 2026-02-21 21:40:15  |w 2026-02-21  |y PREZ 
952 |0 0  |1 0  |4 0  |7 0  |a SNK  |b SNK  |d 1999-03-09  |l 0  |o snkČSC 211/1878-1879  |p 17A0184588  |r 2005-01-02 00:00:00  |w 2026-02-21  |y PREZ